Представление документа в формате RUSMARC

ПолеНазваниеЗначение
  Тип записи a
  Библиографический уровень a
001 Контрольный номер RU/CBS_Ul/BASE/485435210
005 Дата корректировки 20250124025545.4
100 Данные общей обработки __
a Данные общей обработки 20150520d2015 ||| 0rusy0189 ca
101 Язык документа 0_
a Язык текста rus
102 Страна публикации __
a Страна публикации RU
105 Кодированные данные (монография) __
a Кодированные данные (монография) y###||||000|y
200 Заглавие и сведения об ответственности 1_
a Заглавие Мои дядья: Д. Нецветаев, В. Егоров, Ф. Нецветаев, Г. Нецветаев, П. Нецветаев: к 70-летию Великой Победы
b Общее обозначение материала Текст
f Первые сведения об ответственности Л. Нецветаев
300 Общие примечания __
a Общие примечания Ограничения по возрасту - 16+
461 Уровень набора _0
1 2000
a Ульяновская правда
463 Уровень физической единицы _0
1 001RU/CBS_Ul/BASE/482495831
1 2000
a № 5 (20 янв.)
v С. 7
1 210
d 2015
606 Тематические рубрики 0_
a Основная рубрика Великая Отечественная война - 1941-1945 - Увековечение памяти - Ульяновская область
610 Ключевые слова 0_
a Ключевые слова ВОВ
610 Ключевые слова 0_
a Ключевые слова войны
610 Ключевые слова 0_
a Ключевые слова ветераны
610 Ключевые слова 0_
a Ключевые слова фронтовики
610 Ключевые слова 0_
a Ключевые слова увековечение памяти
686 Индексы других классификаций __
a Классификационный индекс 63.3(2)622.78
2 Код системы ББК
700 Автор _1
a Фамилия Нецветаев
b Имя (инициалы) Л.
g Полное личное имя Лев
801 Источник записи _0
a Страна RU
b Организация МБУК ЦБС г. Ульяновска
c Дата составления 20150520
g Правила каталогизации RCR
801 Источник записи _1
a Страна RU
b Организация МБУК ЦБС г. Ульяновска
c Дата составления 20150520
g Правила каталогизации RCR
901 Тип документа __
t Тип документа f
w Контрольный № источника RU/CBS_Ul/BASE/482495831
910 Корректоры записи __
a Корректор записи Ильина
938 Служебная информация __
a Имя БД kraeved